Factores asociados a mortalidad específica por tuberculosis en pacientes pediátricos y menores de 18 años de Colombia entre los años 2019-2021 / (Registro nro. 49083)

Detalles MARC
000 -LEADER
fixed length control field 01538nam a2200217 4500
005 - DATE AND TIME OF LATEST TRANSACTION
control field 20250701222532.0
008 - FIXED-LENGTH DATA ELEMENTS--GENERAL INFORMATION
fixed length control field 190415s2025 000 0 eng d
040 ## - CATALOGING SOURCE
Original cataloging agency CO-CtgCURN
Language of cataloging spa
Transcribing agency coctgcurn
082 0# - DEWEY DECIMAL CLASSIFICATION NUMBER
Classification number INQ 2025
Item number A349
100 1# - MAIN ENTRY--PERSONAL NAME
Personal name Alcázar Baldovino, Briyi Nicol.
245 10 - TITLE STATEMENT
Title Factores asociados a mortalidad específica por tuberculosis en pacientes pediátricos y menores de 18 años de Colombia entre los años 2019-2021 /
Statement of responsibility, etc. Briyi Nicol Alcázar Baldovino; Director: Jaime Alberto Lorduy Gómez.
260 ## - PUBLICATION, DISTRIBUTION, ETC.
Place of publication, distribution, etc. Cartagena de Indias :
Name of publisher, distributor, etc. Corporación Universitaria Rafael Nuñez,
Date of publication, distribution, etc. 2025.
300 ## - PHYSICAL DESCRIPTION
Extent 57 hojas.
504 ## - BIBLIOGRAPHY, ETC. NOTE
Bibliography, etc. note Trabajo de grado (Instrumentación quirúrgica). Corporación Universitaria Rafael Nuñez. Facultad de Ciencias de la Salud. Instrumentación Quirúrgica, 2025.
520 ## - SUMMARY, ETC.
Summary, etc. "El aumento de la mortalidad por tuberculosis en pacientes pediátricos se ha asociado históricamente con factores intrínsecos, como la desnutrición, y factores extrínsecos, entre los que destacan las limitaciones en el diagnóstico, las deficiencias en la vacunación y las condiciones de pobreza."
650 #0 - SUBJECT ADDED ENTRY--TOPICAL TERM
Topical term or geographic name entry element Instrumentación quirúrgica
Form subdivision Tesis y disertaciones academicas.
700 1# - ADDED ENTRY--PERSONAL NAME
Personal name Lorduy Gómez, Jaime Alberto,
Relator term Asesor.
856 ## - ELECTRONIC LOCATION AND ACCESS
Uniform Resource Identifier <a href="https://unicurn.sharepoint.com/:b:/s/biblioteca/EeAPyjfOBTVOr1bSnbfO6MUBeBtl1DFi24mxMzKvqa4kPA?e=ts8qUe">https://unicurn.sharepoint.com/:b:/s/biblioteca/EeAPyjfOBTVOr1bSnbfO6MUBeBtl1DFi24mxMzKvqa4kPA?e=ts8qUe</a>
Public note Click aqui para ver el recurso en texto completo
942 ## - ADDED ENTRY ELEMENTS (KOHA)
Source of classification or shelving scheme Dewey Decimal Classification
Koha item type Trabajos de grado
Classification part INQ 2025
Item part A349
Existencias
Withdrawn status Lost status Source of classification or shelving scheme Damaged status Not for loan Collection Home library Current library Shelving location Date acquired Source of acquisition Cost, normal purchase price Inventory number Total checkouts Full call number Barcode Date last seen Price effective from Koha item type
    Dewey Decimal Classification     Trabajos de grado Miguel Henríquez Emiliani Miguel Henríquez Emiliani Trabajo de grado 06/01/2019 El autor 350000.00 025593   INQ 2025 A349 025593 06/20/2019 06/20/2019 Trabajos de grado